01010nam a2200337Ia 4500001000700000003000500007008004100012010001100053040000900064082001500073100003300088245012700121260005000248300001100298440000500309500000500314503001100319650002400330650002800354650002500382650002700407650002300434650005500457901001500512902000600527910000900533942000600542942000700548999001900555952009800574Z_2778CHAP220113s1985 xx 000 0 und d a163585 cCHAP a636.08 N45 aNeuman - Sorensen, A9137746 aGenetics resourses of pig, sheep and goat /cby A. Neuman - Sorensen, S. M. Gaafar, E. Howard Walter and A. Rex E. Marsh aAmsterdan :bElsevier Applied Science,c1985 a575 p. a a a168161 aGanadería 944604 aGanado cabrío 944988 aGanado lanar 945150 aGanado porcino 945328 aGenética animal  aRecursos genéticos I. Maijala, K. II. t.9137748 a636.08 N45 aA a1985 c1 cc1 c163585d163585 00102ddc40708GRALaZbZc3d2005-11-09pz_2883r2022-01-18 00:00:00t1w2022-01-18yLIBRO